000 00787nam a2200253 a 4500
001 45463
003 BD-RjUL
005 20211209054022.0
008 160726s1959 enk b 000 0 eng
035 _a(BD-RjUL)45581
035 _a(OCoLC)169304
040 _aDLC
_cODaWU
_dOCoLC
_dUk
_dDLC
_dBD-RjUL
_beng
041 _aeng
082 _223
_a338.52
_bWAT 1959
100 1 _aWarntz, William,
_d1922-
_9139191
245 1 0 _aToward a geography of price :
_ba study in geo-econometrics /
_cWilliam Warntz.
260 _aLondon :
_bUniversity of Pennsylvania Press,
_cc1959.
300 _a117 p. :
_bill. ;
_c23 cm.
504 _aBibliography: p. 109-113.
650 0 _aPrices.
_9139192
650 0 _aAgricultural prices
_zUnited States.
_9139193
942 _2ddc
_cBK
999 _c45463
_d45463